Т. 15: Стратификация и мобильность; Фундаментальная социология

Bibliographische Detailangaben
Parent link:Фундаментальная социология: в 15 т./ В. И. Добреньков, А. И. Кравченко. Т. 15: Стратификация и мобильность.— , 2003-.— 5-16-001547-7
Zusammenfassung:В заключительном (15-м) томе «Фундаментальной социологии» рассматриваются проблемы стратификации и мобильности. Первый раздел посвящен теории и методологии стратификации, включая проблемы социального пространства, неравенства, осмысления бедности как феномена современной жизни, а также кратко проанализированы различные социологические теории классов. Во втором разделе представлена историческая типология страт, включающая рассмотрение исторических типов стратификации, классического и современного рабовладения и работорговли, а также роль и место российского дворянства в истории России. Третий раздел представляет собой изложение проблем классовой системы, в том числе исследование элиты общества, генезис правящего класса в России, значительное место уделено изучению среднего класса. Детально представлен обширный материал о рабочем классе — его теории, истории и современном состоянии. Четвертый раздел представляет собой детальное исследование социальной мобильности и миграции, занимающих особое место в быстроменяющемся современном мире. Книга адресована студентам, аспирантам и преподавателям социологических факультетов и кафедр, ученым-исследователям, а также всем, кто интересуется фундаментальными вопросами социологической науки.
Sprache:Russisch
Veröffentlicht: 2007
Schlagworte:
Format: MixedMaterials Buch
KOHA link:https://koha.lib.tpu.ru/cgi-bin/koha/opac-detail.pl?biblionumber=125027

MARC

LEADER 00000nam2a2200000 4500
001 125027
005 20231101215915.0
010 |a 9785160031224 
035 |a (RuTPU)RU\TPU\book\135301 
090 |a 125027 
100 |a 20071109d2007 m y0rusy50 ca 
101 0 |a rus 
102 |a RU 
105 |a a j 001zy 
200 0 |a Т. 15: Стратификация и мобильность 
210 |d 2007 
215 |a 1030 с.  |c ил. 
320 |a Словарь терминов: с. 1001-1010. 
320 |a Литература: с. 1011-1022. 
330 |a В заключительном (15-м) томе «Фундаментальной социологии» рассматриваются проблемы стратификации и мобильности. Первый раздел посвящен теории и методологии стратификации, включая проблемы социального пространства, неравенства, осмысления бедности как феномена современной жизни, а также кратко проанализированы различные социологические теории классов. Во втором разделе представлена историческая типология страт, включающая рассмотрение исторических типов стратификации, классического и современного рабовладения и работорговли, а также роль и место российского дворянства в истории России. Третий раздел представляет собой изложение проблем классовой системы, в том числе исследование элиты общества, генезис правящего класса в России, значительное место уделено изучению среднего класса. Детально представлен обширный материал о рабочем классе — его теории, истории и современном состоянии. Четвертый раздел представляет собой детальное исследование социальной мобильности и миграции, занимающих особое место в быстроменяющемся современном мире. Книга адресована студентам, аспирантам и преподавателям социологических факультетов и кафедр, ученым-исследователям, а также всем, кто интересуется фундаментальными вопросами социологической науки. 
461 1 |0 (RuTPU)RU\TPU\book\93352  |y 5-16-001547-7  |t Фундаментальная социология  |o в 15 т.  |f В. И. Добреньков, А. И. Кравченко  |v Т. 15: Стратификация и мобильность  |d 2003- 
606 1 |a Социология  |2 stltpush  |3 (RuTPU)RU\TPU\subj\67656  |9 83377 
610 1 |a социология 
610 1 |a стратификация 
610 1 |a мобильность 
610 1 |a социальная стратификация 
610 1 |a теория 
610 1 |a методология 
610 1 |a российское общество 
610 1 |a неравенство 
610 1 |a бедность 
610 1 |a уровень жизни 
610 1 |a классы 
610 1 |a Россия 
610 1 |a США 
610 1 |a социальная структура 
610 1 |a общество 
610 1 |a история 
610 1 |a рабство 
610 1 |a сословия 
610 1 |a рабовладение 
610 1 |a работорговля 
610 1 |a сословный строй 
610 1 |a дворянство 
610 1 |a элиты 
610 1 |a буржуазия 
610 1 |a купечество 
610 1 |a советская номенклатура 
610 1 |a предприниматели 
610 1 |a российская олигархия 
610 1 |a средний класс 
610 1 |a низкие классы 
610 1 |a нищество 
610 1 |a бомжи 
610 1 |a рабочий класс 
610 1 |a социальная мобильность 
610 1 |a миграция 
610 1 |a учебные пособия 
686 |a С5я73  |v LBC/SL-A  |2 rubbk 
686 |a С55.3я73  |v LBC/SL-A  |2 rubbk 
801 1 |a RU  |b 63413507  |c 20071109  |g PSBO 
801 2 |a RU  |b 63413507  |c 20140416  |g PSBO 
942 |c BK